LEADER 01208nam2-2200373---450- 001 990003659320203316 005 20120508142426.0 010 $a88-205-0451-0 035 $a000365932 035 $aUSA01000365932 035 $a(ALEPH)000365932USA01 035 $a000365932 100 $a20120508h----1983km-y0itay50------ba 101 $aita$aspa 102 $aIT 105 $a||||||||001yy 200 1 $a<<13-14.>> 210 $aMilano$cIstituto editoriale Cisalpino-Goliardica$h1983 215 $a287 p.$d24 cm 300 $aIn testa al front.: Universita degli studi di Venezia. Facoltà di Lingue e Letterature straniere. Seminario di Letterature Iberiche e Iberoamericane 410 0$12001 454 1$12001 461 1$1001000365915$12001 606 0 $aLetteratura spagnola$xStoria 676 $a860.9 712 02$aUniversita degli studi di Venezia. Facoltà di Lingue e Letterature straniere$bSeminario di Letterature iberiche e Iberoamericane 801 0$aIT$bsalbc$gISBD 912 $a990003659320203316 951 $aII.9.B.106/13-14$b463/13-14 DSLL 959 $aBK 969 $aDSLL 979 $aMARANO$b90$c20120508$lUSA01$h1424 996 $a13-14.$91139051 997 $aUNISA LEADER 00923nam a2200277 i 4500 001 991000472959707536 008 041007s2000 it b 001 0 ita d 020 $a8831776363 035 $ab13226113-39ule_inst 040 $aDip.to Filosofia$bita 082 0 $a195 100 1 $aRaschini, Maria Adelaide.$0159984 245 10$aConcretezza e astrazione /$cMaria Adelaide Raschini 250 $a2. ed. 260 $aVenezia :$bMarsilio,$c2000 300 $a103 p. ;$c22 cm 440 0$a Ricerche 440 0$aScritti di Maria Adelaide Raschini ;$v2 650 4$aConcretezza 650 4$aAstrazione 907 $a.b13226113$b21-09-06$c07-10-04 912 $a991000472959707536 945 $aLE005 195 RAS01. 01$g1$i2005000148460$lle005$o-$pE11.36$q-$rl$s- $t0$u0$v0$w0$x0$y.i13890694$z07-10-04 996 $aConcretezza e astrazione$9877728 997 $aUNISALENTO 998 $ale005$b07-10-04$cm$da $e-$fita$git $h0$i0